000 00542nam a22001577a 4500
005 20120316124757.0
020 _a8185378436
_c60.00
035 _aA-903897
037 _aDPL
_bENG
245 _aThe inner circle /
_cedited by A.R. Natarajan
250 _a2nd ed.
260 _aBangalore
_bRamana Maharshi Centre for Learning
_c1996
300 _ai, 103p.
_c20 cms.
942 _2ddc
_cEN
_h181.41
_mNAT
999 _c64070
_d64070